| 000 | 00360nam a2200109Ia 4500 | ||
|---|---|---|---|
| 008 | 171204s9999 xx 000 0 und d | ||
| 245 | _aModern Electronic Communication: | ||
| 245 | _cGary M. Miller and Jeffrey S. Beasley | ||
| 260 | _c2014 | ||
| 650 | _xDIGITAL INFORMATION AND COMMUNICATION DEVELOPMENT | ||
| 856 | _uhttp://down.ebook777.com/039/1292025476.pdf | ||
| 999 |
_c346301 _d346301 |
||